| Tag |
First Indicator |
Second Indicator |
Subfields |
| LEADER |
00000cam a2200000 a 4500 |
| 001 |
in00001453713 |
| 005 |
20151020173729.0 |
| 008 |
980219s1998 ncuab b s001 0 eng |
| 010 |
|
|
|a 98013059
|
| 020 |
|
|
|a 0807824348 (alk. paper)
|
| 035 |
|
|
|a (OCoLC)38535949
|
| 035 |
|
|
|9 AJD0706AM
|
| 040 |
|
|
|a DLC
|c DLC
|d TXA
|d UtOrBLW
|
| 043 |
|
|
|a n-us-sc
|
| 049 |
|
|
|a TXAM
|
| 050 |
0 |
0 |
|a E241.C9
|b B33 1998
|
| 082 |
0 |
0 |
|a 973.3/37
|2 21
|
| 100 |
1 |
|
|a Babits, Lawrence Edward.
|
| 245 |
1 |
2 |
|a A devil of a whipping :
|b the Battle of Cowpens /
|c Lawrence E. Babits.
|
| 264 |
|
1 |
|a Chapel Hill :
|b University of North Carolina Press,
|c [1998]
|
| 264 |
|
4 |
|c ©1998
|
| 300 |
|
|
|a xxi, 231 pages :
|b illustrations, maps ;
|c 25 cm.
|
| 336 |
|
|
|a text
|b txt
|2 rdacontent
|
| 337 |
|
|
|a unmediated
|b n
|2 rdamedia
|
| 338 |
|
|
|a volume
|b nc
|2 rdacarrier
|
| 504 |
|
|
|a Includes bibliographical references (pages 207-219) and index.
|
| 650 |
|
0 |
|a Cowpens, Battle of, Cowpens, S.C., 1781.
|
| 948 |
|
|
|a c:dm
|
| 999 |
|
|
|a MARS
|
| 999 |
f |
f |
|s a517ee0b-5899-349b-85fc-4ddb42b7680b
|i 8910f1b9-5389-3d73-be8f-1025884990e1
|t 0
|
| 952 |
f |
f |
|p normal
|a Texas A&M University
|b College Station
|c Sterling C. Evans Library
|d Evans: Library Stacks
|t 0
|e E241.C9 B33 1998
|h Library of Congress classification
|i unmediated -- volume
|m A14823921743
|
| 998 |
f |
f |
|a E241.C9 B33 1998
|t 0
|l Evans: Library Stacks
|